1809 1855 1252 1215 1987 1791 1684 1117 1402 1422 1489 1056 1737 1719 1855 1872 1067 1132 1159 1409 1811 1394 1901 1270 1983 1951 1470 1233 1877 1181 1325 1394 1779 1712 1875 1082 1321 1179 1989 1525 1141 1443 1482 1818 1629 1089 1052 1347 1009 1768 1180 1568 1328 1723 1197 1288 1722 1950 1408 1562 1767 1992 1134 1650 1397 1026 1269 1078 1343 1914 1049 1878 1933 1976 1595 1378 1189 1180 1708 1466 1248 1684 1088 1113 1564 1971 1229 1384 1677 1503 1898 1632 1251 1409 1643 1064 1369 1409 1510 BCNSPRNW ULIB Ver.6.0+V

เปลี่ยนเป็นภาษาไทย

Change to English
 แสดงรายละเอียดบรรณานุกรม
  กลับหน้าหลัก

Brief Record : Get Marc (ISO 2709) : E-mail record : QR code < ปิดหน้าต่าง
LEADER : 00000nam 2200000uu 4500
001    13399120588
003     ULIB
008    120928s2552||||th 000 0 tha d
020    ^a9789741111527
060 04 ^aWY154^bฝ211c 2552
110 1  ^aฝ่ายการพยาบาล โรงพยาบาลศิริราช คณะแพทยศาสตร์ศิริราชพยาบาล มหาวิทยาลัยมหิดล.
245 00 ^aCritical care nursing /^cบรรณาธิการ, คณะกรรมการหลักสูตรการพยาบาลเฉพาะทาง สาขาการพยาบาลผู้ป่วยวิกฤต
246 31 ^aCritical care nursing
250    ^aพิมพ์ครั้งที่ 1
260    ^aกรุงเทพฯ:^พี.เอ.ลีฟวิ่ง,^c2552
300    ^a938 หน้า :^bภาพประกอบ ;^c27 ซม.
650  2 ^aCritical Care
650  2 ^aEmergencies^xnursing
650  7 ^aผู้ป่วยหนัก, การดูแล
650  7 ^aภาวะฉุกเฉิน^xการพยาบาล
700 0  ^aคณะกรรมการหลักสูตรการพยาบาลเฉพาะทาง สาขาการพยาบาลผู้ป่วยวิกฤต,^eกองบรรณาธิการ
710 2  ^aมหาวิทยาลัยมหิดล. ^bคณะแพทยศาสตร์ศิริราชพยาบาล โรงพยาบาลศิริราช ฝ่ายการพยาบาล.
945    ^p900^l0^i17143
945    ^p900^l0^i17144
995    ^aวิภา
999 ^a ใช้งานได้ทุกระบบ
รายการนี้ยังไม่มีแท็ก
คุณยังไม่ได้ล็อกอิน คุณสามารถมีกิจกรรมร่วมกับเว็บไซต์ได้ แต่ต้องล็อกอินก่อน ::
  ล็อกอิน

รายการสื่อสารสนเทศ

ลำดับที่ ประเภท เลขเรียก/บาร์โค้ด สถานที่ สถานะ
1. วิทยาศาสตร์การแพทย์ และสุขภาพ
วิทยาศาสตร์การแพทย์ และสุขภาพ
WY154 ฝ211c 2552  
  Barcode: 17143
ห้องสมุดวิทยาเขตนครสวรรค์
►ส่วนจัดเก็บหนังสือเก่า นว.
บนชั้น
  ขอยืม
2. วิทยาศาสตร์การแพทย์ และสุขภาพ
วิทยาศาสตร์การแพทย์ และสุขภาพ
WY154 ฝ211c 2552 ฉ.2 
  Barcode: 17144
ห้องสมุดวิทยาเขตนครสวรรค์
►ส่วนจัดเก็บหนังสือเก่า นว.
บนชั้น
  ขอยืม

รายการใกล้เคียง
    หัวเรื่อง [Critical Care]
    หัวเรื่อง [Emergencies nursing]
    หัวเรื่อง [ผู้ป่วยหนัก, การดูแล]

BibComment


ยังไม่เคยถูกคอมเมนท์

คอมเมนท์ทรัพยากรรายการนี้
  คอมเมนท์: Critical care nu..


 Copyright 2026. Bcnsprnw @Library